1850 1519 1697 1360 1487 1244 1854 1830 1728 1626 1742 1997 1809 1524 1039 1251 1566 1465 1304 1428 1938 1890 1980 1005 1586 1226 1082 1706 1836 1790 1261 1765 1811 1090 1054 1907 1191 1784 1515 1878 1420 1429 1325 1393 1364 1036 1224 1453 1030 1150 1061 1077 1853 1423 1650 1469 1404 1572 1032 1891 1149 1022 1729 1408 1017 1845 1616 1331 1783 1837 1055 1503 1203 1189 1040 1633 1007 1563 1131 1497 1530 1228 1263 1615 1314 1480 1758 1829 1056 1197 1098 1286 1486 1843 1820 1766 1681 1496 1553 BCNSPRNW ULIB Ver.6.0+V

เปลี่ยนเป็นภาษาไทย

Change to English
 แสดงรายละเอียดบรรณานุกรม
  กลับหน้าหลัก

Brief Record : Get Marc (ISO 2709) : E-mail record : QR code < ปิดหน้าต่าง
LEADER : 00000nam 2200000uu 4500
001    13399112717
003     ULIB
008    110907s2552||||th 000 0 tha d
020    9786119001800
050 04 LB1028^bพ842ร 2552
100 0  พู่กัน ไอที
245 10 เรียนลัด เรียนเร็ว Authorware :^bสร้างสื่อการเรียนการสอน CAI /^cพู่กัน ไอที
246 30 CAI
260    กรุงเทพฯ :^bเสริมวิทย์ อินฟอร์เมชั่น เทคโนโลยี่,^c2552
300    282 หน้า :^bภาพประกอบ ;^c21 ซม
505 2  เริ่มต้นเรียนรู้เรื่อง CAI -- การใช้งานโปรแกรม Authorware7 เบื้องต้น -- สร้างและปรับแต่งข้อความ รูปภาพ -- ใส่เสียงให้กับโปรแกรมด้วย Sound -- สร้างวัตถุให้เคลื่อนที่ด้วย Motion Icon -- การใช้งาน Wait Icon และ Erase Icon -- สร้างปุ่มเชื่อมโยงด้วยไอคอน Framework หรือ Navigate -- การนำผลงานที่สร้างไปใช้
650  7 ออเธอร์แวร์
945    ^p159^l0^i027329
945    ^p159^l0^i027330
995    ทศพร
999 ^a ทศพร
รายการนี้ยังไม่มีแท็ก
คุณยังไม่ได้ล็อกอิน คุณสามารถมีกิจกรรมร่วมกับเว็บไซต์ได้ แต่ต้องล็อกอินก่อน ::
  ล็อกอิน

รายการสื่อสารสนเทศ

ลำดับที่ ประเภท เลขเรียก/บาร์โค้ด สถานที่ สถานะ
- ไม่พบข้อมูล -

รายการใกล้เคียง
    หัวเรื่อง [ออเธอร์แวร์]

BibComment


ยังไม่เคยถูกคอมเมนท์

คอมเมนท์ทรัพยากรรายการนี้
  คอมเมนท์: เรียนลัด เรียนเร็..


 Copyright 2026. Bcnsprnw @Library